Name the First... - Statistics

General Stats
  • This quiz has been taken 37 times
  • The average score is 8 of 17
Answer Stats
Name the first... Answer % Correct
Human, according to the Holy Bible Adam
94%
President of the USA George Washington
89%
Planet from the sun Mercury
80%
City to host the olympics Athens
71%
Element on the Periodic Table Hydrogen
71%
US State Delaware
63%
Country to use paper money China
54%
Vice President of the USA John Adams
54%
Person in Space Yuri Gagarin
51%
Leader of "Russia" (post soviet) Boris Yeltsin
46%
State to secede from the union South Carolina
31%
NFL Team to win the Superbowl Green Bay Packers
26%
City in the USA Jamestown
26%
Person to Sign the Declaration of Independence John Hancock
23%
YouTube Video Me at the Zoo
17%
Chinese Dynasty Xia
9%
Video Game Tennis for Two
0%
No matching quizzes found
Score Distribution
Percent of People with Each Score
Percentile by Number Answered
Your Score History
You have not taken this quiz